Micorriza

Guardado en:
Bibliografiske detaljer
Hovedforfatter: González Meza, Rodrigo
Format: Texto
Udgivet: San José: MAG. Dirección General Forestal
Udgivelse:1
Tags: Tilføj Tag
Ingen Tags, Vær først til at tagge denne postø!

MARC

LEADER 00000 a a2200000 04500
001 15899
003
040 |a CRAI/IIS  |c CRAI/IIS 
090 |a EXTRAVIADO  
100 |a González Meza, Rodrigo  
245 |a Micorriza  
250 |a 1  
260 |a San José:   |b MAG. Dirección General Forestal  
300 |a 2 p.  
999 |c 17060  |d 17060